Merceología; productos orgánicos. segundo curso /

Guardado en:
Autor Principal: Giménez, Pedro R.
Formato: Libro
Publicado: Argentina : Ciordia, 1962
Edición:10a. ed.
Materias:
Etiquetas: Agregar Etiqueta
Sin Etiquetas, Sea el primero en etiquetar este registro!
LEADER 01030nam a22002295a 4500
001 CEM.cems002903
005 19000101000000.0
008 130507s1962##################000#0#####d
003 CEMS
082 0 4 |a 660.1 
100 1 |a Giménez, Pedro R. 
245 1 0 |a Merceología; productos orgánicos. segundo curso /  |c Pedro R. Giménez 
250 |a 10a. ed. 
260 |a Argentina :  |b Ciordia,  |c 1962 
300 |a 298 p. 
505 0 |a Combustibles s¢lidos.-Carb¢n de madera; aglomerados; de retortas; grafito.-Petr¢leo.-Combustibles gaseosos.-Piedras naturales.-Cales y yesos.-Cementos.-Vidrio.-Cer mica.-Piedras preciosas.-Metales.-Metales industriales.-Metales preciosos. 
653 |a Merceologia 
653 |a Quimica industrial 
859 |a CEMS  |b BIB. CEMS - 11 de abril  |h 660.1  |i G429a10/II  |p 1532.74  |t Ej.2 
859 |a CEMS  |b BIB. CEMS - 11 de abril  |h 660.1  |i G429a10/II  |p 1533.74  |t Ej.1 
859 |a CEMS  |b BIB. CEMS - 11 de abril  |h 660.1  |i G429a10/II  |p 1537.74  |t Ej.3 
859 |a CEMS  |b BIB. CEMS - 11 de abril  |h 660.1  |i G429a10/II  |p 3705.75  |t Ej.4